| 000 | 00000nem##2200000za#4500 |
| 001 | 9.616688 |
| 003 | CaOODSP |
| 005 | 20230131161134 |
| 007 | aj |a||| |
| 008 | 150406|2003||||xxc|||| a##f | eng|d |
| 040 | |aCaOODSP|beng |
| 043 | |an-cn--- |
| 086 | 1 |aM48-2048AE |
| 110 | 2 |aGeological Survey of Canada. |
| 245 | 10|aSurficial geology, White Strait, Baffin Island, Nunavut / |h[cartographic material]|c[by] D.A. Hodgson. |
| 255 | |aScale 1:100,000 |
| 260 | |bNatural Resources Canada. |c2003. |
| 300 | |a1 sheet. : |bcoloured map ; |c86 cm. |
| 490 | 1 |a"A" series map|v2048A |
| 590 | |a04-02|b2004-01-09 |
| 720 | 1 |aHodgson, D. A. |
| 776 | 0#|tSurficial geology, White Strait, Baffin Island, Nunavut / |w(CaOODSP)9.579061 |
| 830 | #0|aGeological Survey of Canada, "A" series map ;|v2048A|w(CaOODSP)9.515061 |